Role jaderných zbraní v bezpečnostní strategii Spojených států ve 21. století

Porovnanie prístupov administratív amerických prezidentov G. W. Busha a B. Obamu k problematike jadrových zbraní v bezpečnostnej stratégii USA prostredníctvom komparatívnej analýzy dokumentov Nuclear posture review z roku 2001 a 2010.

Salvato in:
Dettagli Bibliografici
Autore principale: Smetana, Michal
Natura: Capitolo di libro
Lingua:ceco
Soggetti:
Tags: Aggiungi Tag
Nessun Tag, puoi essere il primo ad aggiungerne!!

MARC

LEADER 00000naa a2200000 4500
001 0167539
005 20231208075646.5
041 0 |a cze 
044 |a CZ 
245 1 0 |a Role jaderných zbraní v bezpečnostní strategii Spojených států ve 21. století  |c Michal Smetana 
520 |a Porovnanie prístupov administratív amerických prezidentov G. W. Busha a B. Obamu k problematike jadrových zbraní v bezpečnostnej stratégii USA prostredníctvom komparatívnej analýzy dokumentov Nuclear posture review z roku 2001 a 2010. 
610 2 0 |a politika bezpečnostná 
610 2 0 |a politika zahraničná 
610 2 0 |a zbrane 
610 2 0 |a obrana štátu 
610 2 0 |a bezpečnosť 
610 2 0 |a prezidenti 
610 2 0 |a vláda 
610 2 0 |a USA 
100 1 |a Smetana, Michal